Canadian Metro Areas With The Highest Murder Rate - Statistics

General Stats
  • This quiz has been taken 2,119 times
    329 since last reset
  • The average score is 7 of 12
Answer Stats
Province Rate Answer % Correct
Alberta 2.20 Edmonton
86%
Nova Scotia 2.07 Halifax
82%
Ontario 2.10 Ottawa
76%
Saskatchewan 2.14 Regina
76%
Saskatchewan 3.75 Saskatoon
76%
New Brunswick 2.12 Saint John
61%
Ontario 6.08 Thunder Bay
53%
New Brunswick 3.75 Fredericton
49%
Ontario 2.63 Kingston
35%
Ontario 2.78 St. Catharines-Niagara
34%
British Colombia 4.75 Chilliwack
17%
Ontario 2.43 Belleville-Quinte West
8%
No matching quizzes found
Score Distribution
Percent of People with Each Score
Percentile by Number Answered
Your Score History
You have not taken this quiz since the last reset